[Event "Varde Weekend M1"]
[Site "Varde"]
[Date "2019.05.11"]
[Round "3"]
[White "Rasmussen, Henning Lau"]
[Black "Jepsen, Thomas Stausholm"]
[Result "0-1"]
[WhiteElo "2145"]
[BlackElo "2126"]
[PlyCount "98"]
[EventDate "2019.05.10"]
[EventType "tourn"]
[EventRounds "5"]
[EventCountry "DEN"]
[SourceTitle "EXT 2023"]
[Source "ChessBase"]
[SourceDate "2022.10.05"]
[SourceVersion "1"]
[SourceVersionDate "2022.10.05"]
[SourceQuality "1"]

1. d4 d6 2. e4 Nf6 3. Nc3 c6 4. Nf3 Bg4 5. Be3 e6 6. h3 Bh5 7. a4 d5 8. e5 Nfd7 9. g4 Bg6 10. Bg2 c5 11. Nb5 cxd4 12. Bxd4 Nc6 13. c3 Be4 14. 0-0 a6 15. Nd6+ Bxd6 16. exd6 0-0 17. Re1 e5 18. Be3 Nf6 19. Bc5 Nd7 20. Ba3 f5 21. gxf5 Kh8 22. Rxe4 dxe4 23. Nh2 Rxf5 24. Bxe4 Rxf2 25. Kxf2 Qh4+ 26. Ke3 Qf4+ 27. Kd3 Qxh2 28. Qh1 Qf2 29. Qg1 Qf7 30. Rf1 Nf6 31. Kc2 Qc4 32. Bd3 Qxa4+ 33. Kb1 e4 34. Bc2 Qc4 35. Rf4 Qe6 36. Rh4 Ne5 37. Qd1 Nc4 38. Bc5 Rd8 39. Qd4 Nxd6 40. Bb6 Re8 41. Rf4 Nb5 42. Qg1 e3 43. Bc5 e2 44. Qe1 b6 45. Bf2 Qxh3 46. c4 Nd6 47. Bxb6 Nde4 48. Ka1 Qg3 49. Rf2 Nxf2 0-1

[Event "Helsingor Xtracon op"]
[Site "Helsingor"]
[Date "2017.07.29"]
[Round "9"]
[White "Rasmussen, Henning Lau"]
[Black "Wallin, Kenneth"]
[Result "1/2-1/2"]
[WhiteElo "1770"]
[BlackElo "1633"]
[PlyCount "84"]
[EventDate "2017.07.22"]
[EventType "swiss"]
[EventRounds "10"]
[EventCountry "DEN"]
[SourceTitle "CBM 179 Extra"]
[Source "ChessBase"]
[SourceDate "2017.08.23"]
[SourceVersion "1"]
[SourceVersionDate "2017.08.23"]
[SourceQuality "1"]

1. f4 c5 2. Nf3 d5 3. g3 Nc6 4. Bg2 Nf6 5. d3 g6 6. 0-0 Bg7 7. Nc3 d4 8. Ne4 Nd7 9. c3 f5 10. Neg5 Nf6 11. cxd4 Qb6 12. dxc5 Qxc5+ 13. d4 Qb5 14. Ne5 0-0 15. e3 e6 16. Qd3 Qxd3 17. Nxd3 Ne7 18. Nc5 Ned5 19. h3 Bh8 20. Bd2 b6 21. Nb3 h6 22. Bxd5 Nxd5 23. Nf3 Ba6 24. Rfc1 Rfc8 25. Rxc8+ Rxc8 26. Rc1 Rxc1+ 27. Nxc1 Bb5 28. Ne5 Be8 29. Ncd3 Bf6 30. Nf2 Be7 31. a3 Kg7 32. e4 Nf6 33. exf5 gxf5 34. Bc3 Nd5 35. Bd2 Kh7 36. Nd1 Kg7 37. Nc3 Nf6 38. Be3 Kh7 39. Kf2 Kg7 40. g4 fxg4 41. hxg4 Bd6 42. Kg3 Kh7 1/2-1/2

[Event "Helsingor Xtracon op"]
[Site "Helsingor"]
[Date "2017.07.24"]
[Round "4"]
[White "Subramanian, Aditya"]
[Black "Rasmussen, Henning Lau"]
[Result "1-0"]
[WhiteElo "2054"]
[BlackElo "1770"]
[PlyCount "51"]
[EventDate "2017.07.22"]
[EventType "swiss"]
[EventRounds "10"]
[EventCountry "DEN"]
[SourceTitle "CBM 179 Extra"]
[Source "ChessBase"]
[SourceDate "2017.08.23"]
[SourceVersion "1"]
[SourceVersionDate "2017.08.23"]
[SourceQuality "1"]

1. Nf3 Nf6 2. c4 g6 3. d4 Bg7 4. e3 d6 5. Nc3 0-0 6. Be2 Nbd7 7. 0-0 c6 8. b4 e5 9. Qc2 exd4 10. exd4 Re8 11. Bd3 Nf8 12. h3 d5 13. c5 Be6 14. Bf4 N6d7 15. Rfc1 f6 16. b5 Bf7 17. bxc6 bxc6 18. Qa4 Nb8 19. Rab1 Nfd7 20. Rb7 a6 21. Rcb1 g5 22. Bc7 Qe7 23. Bxb8 Raxb8 24. Qxc6 Rxb7 25. Rxb7 Be6 26. Nxd5 1-0

[Event "DEN-ch G7-2"]
[Site "Skorping"]
[Date "2017.04.16"]
[Round "6"]
[White "Larsen, Henning"]
[Black "Rasmussen, Henning Lau"]
[Result "1/2-1/2"]
[WhiteElo "1934"]
[BlackElo "1784"]
[PlyCount "41"]
[EventDate "2017.04.11"]
[EventType "swiss"]
[EventRounds "7"]
[EventCountry "DEN"]
[SourceTitle "EXT 2021"]
[Source "ChessBase"]
[SourceDate "2020.10.23"]
[SourceVersion "1"]
[SourceVersionDate "2020.10.23"]
[SourceQuality "1"]

1. e4 e6 2. d4 d5 3. e5 c5 4. c3 Nc6 5. Nf3 Qb6 6. Be2 cxd4 7. cxd4 Nge7 8. Na3 Nf5 9. Nc2 Nb4 10. Ne3 Nxe3 11. Bxe3 Bd7 12. a3 Na6 13. 0-0 Bb5 14. Bxb5+ Qxb5 15. Qd2 Be7 16. Rac1 0-0 17. Rc3 Rac8 18. Rfc1 Qd7 19. Qc2 Rxc3 20. Qxc3 h6 21. h3 1/2-1/2

[Event "DEN-ch G7-1"]
[Site "Skorping"]
[Date "2017.04.12"]
[Round "2"]
[White "Rasmussen, Henning Lau"]
[Black "Jensen, Morten Frank"]
[Result "1/2-1/2"]
[WhiteElo "2146"]
[BlackElo "2015"]
[PlyCount "64"]
[EventDate "2017.04.11"]
[EventType "swiss"]
[EventRounds "7"]
[EventCountry "DEN"]
[SourceTitle "EXT 2018"]
[Source "ChessBase"]
[SourceDate "2017.10.13"]
[SourceVersion "1"]
[SourceVersionDate "2017.10.13"]
[SourceQuality "1"]

1. d4 g6 2. e4 Bg7 3. c3 d5 4. exd5 Qxd5 5. Be2 c5 6. dxc5 Qxd1+ 7. Bxd1 Nf6 8. Bf3 Nbd7 9. Be3 Ne5 10. Nd2 0-0 11. 0-0-0 Bf5 12. Nb3 Nd3+ 13. Rxd3 Bxd3 14. Bxb7 Rad8 15. c6 Nd5 16. Nf3 Bf5 17. Bg5 f6 18. Bd2 e5 19. c4 Nb6 20. Ba6 Bc8 21. Bb5 a6 22. c5 axb5 23. cxb6 Rd6 24. Na5 Bf5 25. b7 Be4 26. Bb4 Bh6+ 27. Nd2 Rd4 28. c7 Bxb7 29. Nxb7 Rxb4 30. Nd6 Bxd2+ 31. Kc2 Rd4 32. c8Q Rxc8+ 1/2-1/2

[Event "Helsingor Xtracon op"]
[Site "Helsingor"]
[Date "2016.07.30"]
[Round "9"]
[White "Slettebo, Jan"]
[Black "Rasmussen, Henning Lau"]
[Result "1-0"]
[WhiteElo "2022"]
[BlackElo "1779"]
[PlyCount "41"]
[EventDate "2016.07.23"]
[EventType "swiss"]
[EventRounds "10"]
[EventCountry "DEN"]
[SourceTitle "CBM 173 Extra"]
[Source "ChessBase"]
[SourceDate "2016.08.29"]
[SourceVersion "1"]
[SourceVersionDate "2016.08.29"]
[SourceQuality "1"]

1. e4 c6 2. d4 d5 3. e5 Bf5 4. Nc3 e6 5. g4 Bg6 6. Nge2 c5 7. h4 f6 8. h5 Bf7 9. f4 cxd4 10. Nxd4 Bb4 11. Bb5+ Nd7 12. f5 Ke7 13. fxe6 Bxe6 14. 0-0 Bc5 15. Be3 Bxd4 16. Qxd4 Nxe5 17. g5 Nc6 18. Bxc6 bxc6 19. h6 g6 20. Rae1 Kf7 21. Na4 1-0

[Event "Helsingor Xtracon op"]
[Site "Helsingor"]
[Date "2016.07.25"]
[Round "4"]
[White "Rasmussen, Henning Lau"]
[Black "Wanvik, Tim"]
[Result "1-0"]
[WhiteElo "1779"]
[BlackElo "1479"]
[PlyCount "76"]
[EventDate "2016.07.23"]
[EventType "swiss"]
[EventRounds "10"]
[EventCountry "DEN"]
[SourceTitle "CBM 173 Extra"]
[Source "ChessBase"]
[SourceDate "2016.08.29"]
[SourceVersion "1"]
[SourceVersionDate "2016.08.29"]
[SourceQuality "1"]

1. Nf3 d5 2. d4 Nf6 3. Bf4 c5 4. e3 Bf5 5. Bb5+ Bd7 6. Bxd7+ Nbxd7 7. h3 e6 8. 0-0 Qb6 9. b3 Bd6 10. Bxd6 Qxd6 11. Nbd2 Rc8 12. c4 Nb6 13. Rc1 0-0 14. cxd5 Nfxd5 15. Ne4 Qe7 16. Nxc5 Rfd8 17. Qe2 Rd6 18. Nd3 Nc3 19. Qb2 Rdc6 20. Nc5 Ncd5 21. Ne5 R6c7 22. Ne4 f6 23. Nd3 g5 24. Rxc7 Rxc7 25. Rc1 Rxc1+ 26. Qxc1 f5 27. Nd2 g4 28. hxg4 fxg4 29. Qc5 Qh4 30. Qd6 Kf7 31. Ne5+ Kg7 32. Qxe6 Nxe3 33. fxe3 Qe1+ 34. Nf1 g3 35. Qf7+ Kh6 36. Qf8+ Kg5 37. Nf3+ Kg6 38. Nxe1 Nd5 1-0

[Event "Politiken Cup 37th"]
[Site "Helsingor"]
[Date "2015.07.25"]
[Round "1"]
[White "Rasmussen, Henning Lau"]
[Black "Roe, Simon J"]
[Result "0-1"]
[WhiteElo "1817"]
[BlackElo "2240"]
[PlyCount "92"]
[EventDate "2015.07.25"]
[EventType "swiss"]
[EventRounds "10"]
[EventCountry "DEN"]
[SourceTitle "CBM 167 Extra"]
[Source "ChessBase"]
[SourceDate "2015.09.14"]
[SourceVersion "1"]
[SourceVersionDate "2015.09.14"]
[SourceQuality "1"]

1. f4 Nf6 2. Nf3 g6 3. e3 Bg7 4. Be2 0-0 5. 0-0 d6 6. d3 c5 7. e4 Nc6 8. c3 Rb8 9. a4 a6 10. Na3 Qc7 11. Nc2 b5 12. axb5 axb5 13. Ne3 Bd7 14. Bd2 b4 15. Nh4 Qb7 16. g4 Ra8 17. g5 Rxa1 18. Qxa1 Ra8 19. Qe1 Ne8 20. f5 bxc3 21. Bxc3 Bxc3 22. bxc3 Ra2 23. Nd1 Qb3 24. fxg6 hxg6 25. Rf2 Ra1 26. Ng2 Ne5 27. Nge3 Nc7 28. Rf1 Bh3 29. Rf2 Kg7 30. Rf4 Ne6 31. Rh4 Nxg5 32. Qg3 f6 33. Rxh3 Nxh3+ 34. Qxh3 Qxc3 35. Qf1 Qd4 36. Kg2 Ra2 37. Kh1 c4 38. dxc4 Qxe4+ 39. Kg1 Ra1 40. Qf2 Rc1 41. h3 f5 42. Ng2 Nxc4 43. Bf3 Qd3 44. Qe2 Qxe2 45. Bxe2 Nb2 46. Nge3 f4 0-1

[Event "DEN-ch G7-B"]
[Site "Skorping"]
[Date "2014.04.18"]
[Round "4"]
[White "Porsgaard, Per Lykke"]
[Black "Rasmussen, Henning Lau"]
[Result "0-1"]
[WhiteElo "1451"]
[BlackElo "1734"]
[PlyCount "44"]
[EventDate "2014.04.15"]
[EventType "swiss"]
[EventRounds "7"]
[EventCountry "DEN"]
[SourceTitle "EXT 2023"]
[Source "ChessBase"]
[SourceDate "2022.10.05"]
[SourceVersion "1"]
[SourceVersionDate "2022.10.05"]
[SourceQuality "1"]

1. d4 Nf6 2. c4 g6 3. Nc3 Bg7 4. e4 d6 5. f4 0-0 6. Nf3 c5 7. d5 Ne8 8. Bd3 e6 9. 0-0 exd5 10. Nxd5 Nc6 11. f5 gxf5 12. exf5 f6 13. Bd2 Ne5 14. Nxe5 dxe5 15. b4 Nc7 16. Be4 cxb4 17. Bxb4 Re8 18. Ne7+ Kh8 19. Nxc8 Qxc8 20. Qh5 Na6 21. Rab1 Nxb4 22. Rxb4 Qc5+ 0-1

[Event "Politiken Cup 35th"]
[Site "Helsingor"]
[Date "2013.08.02"]
[Round "8"]
[White "Rasmussen, Henning Lau"]
[Black "Emborg, Jens"]
[Result "1/2-1/2"]
[WhiteElo "1835"]
[BlackElo "1618"]
[PlyCount "51"]
[EventDate "2013.07.27"]
[EventType "swiss"]
[EventRounds "10"]
[EventCountry "DEN"]
[SourceTitle "CBM 155 Extra"]
[Source "ChessBase"]
[SourceDate "2013.08.26"]
[SourceVersion "1"]
[SourceVersionDate "2013.08.26"]
[SourceQuality "1"]

1. d4 d5 2. Nf3 Nf6 3. c4 e6 4. Nc3 Nc6 5. e3 Be7 6. a3 0-0 7. Bd3 dxc4 8. Bxc4 Bd6 9. e4 e5 10. d5 Ne7 11. 0-0 Bd7 12. Bg5 Ng6 13. Be2 Qe7 14. Nh4 Nxh4 15. Bxh4 c6 16. dxc6 Bxc6 17. Bc4 Rad8 18. Nd5 Bxd5 19. Bxd5 Rd7 20. b4 Rfd8 21. Qb3 Qf8 22. Bxf6 gxf6 23. Qg3+ Qg7 24. Qxg7+ Kxg7 25. g4 Rc8 26. Rfc1 1/2-1/2

[Event "Politiken Cup 35th"]
[Site "Helsingor"]
[Date "2013.08.01"]
[Round "7"]
[White "Leutwyler, Martin"]
[Black "Rasmussen, Henning Lau"]
[Result "1-0"]
[WhiteElo "2180"]
[BlackElo "1835"]
[PlyCount "69"]
[EventDate "2013.07.27"]
[EventType "swiss"]
[EventRounds "10"]
[EventCountry "DEN"]
[SourceTitle "CBM 155 Extra"]
[Source "ChessBase"]
[SourceDate "2013.08.26"]
[SourceVersion "1"]
[SourceVersionDate "2013.08.26"]
[SourceQuality "1"]

1. d4 Nf6 2. Nf3 g6 3. c4 c5 4. Nc3 cxd4 5. Nxd4 Nc6 6. e4 d6 7. Be2 Bg7 8. Be3 Bd7 9. 0-0 0-0 10. Qd2 Nxd4 11. Bxd4 Bc6 12. f3 a6 13. Rfd1 Nd7 14. Be3 Re8 15. Rab1 b5 16. cxb5 Bxb5 17. Nxb5 axb5 18. a3 Rb8 19. Qb4 Nc5 20. Bxb5 Rf8 21. a4 Qb6 22. Qe1 Qb7 23. b4 Ne6 24. Be2 Rfc8 25. a5 Bc3 26. Qf1 Qa8 27. Ba6 Rc7 28. Bb6 Rc6 29. b5 Rcxb6 30. axb6 Bd4+ 31. Rxd4 Nxd4 32. Qc4 Ne6 33. b7 Rxb7 34. Bxb7 Qxb7 35. Qc6 1-0

[Event "Politiken Cup 35th"]
[Site "Helsingor"]
[Date "2013.07.29"]
[Round "4"]
[White "Rasmussen, Henning Lau"]
[Black "Pedersen, Hans Buus"]
[Result "0-1"]
[WhiteElo "1835"]
[BlackElo "2118"]
[PlyCount "58"]
[EventDate "2013.07.27"]
[EventType "swiss"]
[EventRounds "10"]
[EventCountry "DEN"]
[SourceTitle "CBM 155 Extra"]
[Source "ChessBase"]
[SourceDate "2013.08.26"]
[SourceVersion "1"]
[SourceVersionDate "2013.08.26"]
[SourceQuality "1"]

1. d4 Nf6 2. c4 e6 3. Nf3 Bb4+ 4. Bd2 Qe7 5. a3 Bxd2+ 6. Nbxd2 d6 7. e4 e5 8. d5 a5 9. b4 0-0 10. Be2 Na6 11. 0-0 Bg4 12. Rb1 axb4 13. axb4 c5 14. dxc6 bxc6 15. Ne1 Bxe2 16. Qxe2 c5 17. b5 Nb4 18. Nd3 Nc2 19. Rfc1 Nd4 20. Qd1 Ra3 21. Ne1 Qb7 22. f3 Rfa8 23. Ra1 Ne2+ 24. Qxe2 Rxa1 25. Rxa1 Rxa1 26. Kf2 Ra2 27. Nd3 Nd7 28. Nc1 Ra3 29. Ncb3 Nf8 0-1